Statistics for Match these cities to their countries. Western Europe

Click here to take the quiz!

General Stats

  • This quiz has been taken 56 times
  • The average score is 17 of 20

Answer Stats

HintAnswer% Correct
BirminghamUK
96%
LiverpoolUK
96%
MarseilleFrance
94%
HamburgGermany
94%
VeniceItaly
94%
LyonFrance
92%
LilleFrance
92%
AntwerpBelgium
90%
FlorenceItaly
90%
RotterdamNetherlands
90%
CologneGermany
88%
Freiburg im BreisgauGermany
88%
TurinItaly
88%
BilbaoSpain
88%
GenevaSwitzerland
88%
LucerneSwitzerland
88%
SevillaSpain
86%
AlmériaSpain
78%
St GallenSwitzerland
66%
NamurBelgium
48%

Score Distribution

Percentile by Number Answered

Percent of People with Each Score

Your Score History

You have not taken this quiz